المحلي / (Record no. 26133)
[ view plain ]
| 000 -الفاتح | |
|---|---|
| حقل البيانات ثابتة الطول | 00723nam a22002055a 4500 |
| 003 - محدد رقم الضبط | |
| رقم الضبط | OSt |
| 005 - وقت وتاريخ اخر تعامل مع التسجيلة | |
| رقم الضبط | 20180207155729.0 |
| 008 - عناصر البيانات ثابتة الطول - معلومات عامة | |
| حقل البيانات ثابتة الطول | 180207s19uu ua frb 000 0 ara d |
| 040 ## - مصدر الفهرسة | |
| وكالة الفهرسة الأصلية | EG-ScBUE |
| لغة الفهرسة | ara |
| وكالة النسخ | EG-ScBUE |
| 082 04 - رقم تصنيف ديوى العشرى | |
| رقم التصنيف | 297.14 |
| رقم المادة | ح ز م |
| رقم الطبعة | 22 |
| 100 1# - المدخل الرئيسى - إسم شخصى | |
| الإسم الشخصى | ابن حزم ، علي بن أحمد، |
| التواريخ المصاحبة للاسم | 1064-994. |
| 245 12 - بيان العنوان | |
| العنوان | المحلي / |
| بيان المسئوليه,etc | أبو محمد علي بن أحمد بن سعيد بن حزم، المتوفي 456 هـ ؛ حققها أحمد محمد شاكر. |
| 250 ## - بيان الطبعة | |
| بيان الطبعة | ط. مصححة. |
| 260 ## - PUBLICATION, DISTRIBUTION, ETC. (IMPRINT) | |
| مكان الناشر او الموزع | القاهرة : |
| اسم الناشر او الموزع | دار الفكر، |
| تاريخ النشر أو التوزيع | [د. ت.] |
| 300 ## - الوصف المادى | |
| التعداد | 8 مج. ؛ |
| أبعاد الوعاء | 24 سم. |
| 650 #7 - المدخل الاضافى بالموضوع-مصطلح موضوعى | |
| مصطلح موضوعي أو اسم جغرافي كعنصر مدخل | الفقه الإسلامي. |
| مصدر الرأس أو المصطلح | BUEsh |
| 651 ## - المدخل الاضافى بالموضوع - اسم جغرافى | |
| مصدر الرأس أو المصطلح | BUEsh |
| 653 ## - مصطلح تكشيفى غير مقيد | |
| Resource For college | Generalities |
| Arrived date list | February2018 |
| 942 ## - عناصر المدخل الإضافي( كوها) | |
| مصدر التصنيف او مخطط الترفيف | Dewey Decimal Classification |
| حالة التراجع | حالة الفقد | مصدر التصنيف او خطة الترفيف | حالة تلف | ليس للاعارة | مجموعات كوها | المكان الدائم | المكان الحالي | موقع الترفيف | تاريخ الاكتساب | Source of acquisition | رقم الاستدعاء | الباركود | Date last seen | نوع الوعاء | تبصرة عامة |
|---|---|---|---|---|---|---|---|---|---|---|---|---|---|---|---|
| Dewey Decimal Classification | Donation-Gift | Central Library | Central Library | Lower Floor | 07/02/2018 | Donation | 297.14 ح ز م | 000042937 | 15/07/2025 | Book - Borrowing | مج. 1. | ||||
| Dewey Decimal Classification | Donation-Gift | Central Library | Central Library | Lower Floor | 07/02/2018 | Donation | 297.14 ح ز م | 000042938 | 15/07/2025 | Book - Borrowing | مج. 3 | ||||
| Dewey Decimal Classification | Donation-Gift | Central Library | Central Library | Lower Floor | 08/02/2018 | Donation | 297.14 ح ز م | 000042939 | 15/07/2025 | Book - Borrowing | مج. 5 | ||||
| Dewey Decimal Classification | Donation-Gift | Central Library | Central Library | Lower Floor | 08/02/2018 | Donation | 297.14 ح ز م | 000042940 | 15/07/2025 | Book - Borrowing | مج. 7 | ||||
| Dewey Decimal Classification | Donation-Gift | Central Library | Central Library | Lower Floor | 08/02/2018 | Donation | 297.14 ح ز م | 000042941 | 15/07/2025 | Book - Borrowing | مج. 8 | ||||
| Dewey Decimal Classification | Donation-Gift | Central Library | Central Library | Lower Floor | 08/02/2018 | Donation | 297.14 ح ز م | 000042942 | 15/07/2025 | Book - Borrowing | مج. 9 | ||||
| Dewey Decimal Classification | Donation-Gift | Central Library | Central Library | Lower Floor | 08/02/2018 | Donation | 297.14 ح ز م | 000042943 | 15/07/2025 | Book - Borrowing | مج. 10 | ||||
| Dewey Decimal Classification | Donation-Gift | Central Library | Central Library | Lower Floor | 08/02/2018 | Donation | 297.14 ح ز م | 000042944 | 15/07/2025 | Book - Borrowing | مج. 11 |